000 00529nam a2200205Ia 4500
005 20221104093539.0
008 131103s9999 xx 000 0 und d
040 _aLoreto College
041 _aEnglish
082 _a131
_bCAR
100 _aCarnegie, Dale
245 _aHow to win friends & influence people
_cDale Carnegie
260 _aBombay
_bD. B. Taraporevala sons
_c1981
300 _aix,246p
504 _aInclude index
650 _aApplied Psychology
651 _aPsychology
850 _aLCLIB
942 _cBK
999 _c18691
_d69170